Sports Quiz

Random Sports or Olympics Quiz

2010 Olympic Nations Quiz Stats

Quiz Updated Jul 13, 2016

Challenge
Share
Tweet
Embed
Score 0/83 Timer 07:00
0 Plays Today
# of Athletes Country % Correct
216United States of America
99.6%
206Canada
97.8%
91China
95.7%
187Russia
95.5%
153Germany
93.4%
108France
91.9%
50Great Britain
91.6%
95Japan
91.4%
106Sweden
88.3%
114Italy
87.7%
1Mexico
87.6%
17Spain
85.9%
99Norway
84.8%
5Brazil
83.5%
42Australia
83.3%
95Finland
82.6%
146Switzerland
80.8%
45South Korea
76.7%
7Argentina
76.3%
3India
74.6%
1Portugal
74.4%
80Austria
73.9%
16Denmark
72.9%
6Ireland
72.6%
47Poland
72.6%
2South Africa
72.3%
7Greece
71.3%
4Chile
69%
# of Athletes Country % Correct
6North Korea
68.3%
34Netherlands
67.8%
16New Zealand
67.2%
5Iceland
66.3%
1Jamaica
65.4%
95Czechia
65.1%
4Iran
64.4%
6Turkey
63.7%
46Ukraine
60.8%
9Belgium
60.7%
49Slovakia
59.3%
59Latvia
57.9%
16Hungary
57.3%
1Peru
55.1%
6Georgia
54.5%
8Lithuania
54.2%
32Estonia
53.3%
1Pakistan
52.8%
26Romania
52.1%
50Belarus
51.5%
2Mongolia
50.8%
50Slovenia
50%
3Israel
49.3%
10Serbia
48.3%
19Croatia
47%
18Bulgaria
44.4%
39Kazakhstan
43.5%
1Colombia
43%
# of Athletes Country % Correct
6Andorra
40.1%
1Albania
38.8%
3Uzbekistan
36.2%
1Nepal
35.8%
1Morocco
35.3%
4Monaco
34.9%
1Montenegro
34.9%
1*Chinese Taipei
34.4%
3Macedonia
34.3%
7Liechtenstein
33.9%
5Bosnia and Herzegovina
33.3%
8Moldova
31%
4Armenia
30.9%
1Algeria
29.9%
2Cyprus
29.5%
2Azerbaijan
29.4%
1San Marino
29.2%
2Tajikistan
27.1%
1Ghana
24.1%
4Kyrgyzstan
23.1%
1Ethiopia
22.3%
3Lebanon
21.1%
1*Hong Kong
13.7%
2*Bermuda
10.2%
1Senegal
9.7%
1*Puerto Rico
9.7%
1*Cayman Islands
5.5%

You're not logged in!

Compare scores with friends on all Sporcle quizzes.
Join for Free
OR
Log In

You Might Also Like...

Show Comments

Extras

Top Quizzes Today


Score Distribution

Your Account Isn't Verified!

In order to create a playlist on Sporcle, you need to verify the email address you used during registration. Go to your Sporcle Settings to finish the process.

Report this User

Report this user for behavior that violates our Community Guidelines.

Details: